| 000 | 00972nam a22003377a 4500 | ||
|---|---|---|---|
| 001 | BR7375727 | ||
| 003 | BR-BrBNA | ||
| 005 | 20230928084438.0 | ||
| 007 | ta | ||
| 008 | 230509b bl.||||| |||| 00| 0 por d | ||
| 040 |
_aBR-BrBNA _bpor _cBiblioteca Nacional de Agricultura |
||
| 041 | _a(Por) | ||
| 072 |
_aF25; E70; E10 _b3801 _b/G514 |
||
| 090 | _ 3801 BR7375727 | ||
| 100 | 1 | _aPaiva, R.M. | |
| 100 | 1 | _aPenteado, M.C. | |
| 100 | 1 | _aMello, P.C. | |
| 100 | 1 | _aPaiva Netto, J.E. | |
| 245 | 1 | _aRelatorios sobre o problema de adubos em Sao Paulo [Brasil; Importacao; Mao-de-obra; Preco] | |
| 260 | 3 |
_aSao Paulo, SP (Brasil): _c1943. |
|
| 300 | _avp. | ||
| 500 | _a(*) Documento disponível no(a) Instituto de Economia Agricola, Sao Paulo, SP (Brazil) | ||
| 650 | _aFERTILIZANTE | ||
| 650 | _aSAO PAULO | ||
| 650 | _aADUBO | ||
| 650 | _aIMPORTACAO | ||
| 650 | _aMAO-DE-OBRA | ||
| 650 | _aPRECO | ||
| 909 |
_a202309 _bLucia _c55 _dLucia Elande |
||
| 942 | _cBK | ||
| 999 |
_c19000 _d19000 |
||